000 00639nam a2200229Ia 4500
001 16132
003 GE_BSU
008 181216s||||||||xx |||||||||||||| ||und||
020 _a9780471661863
040 _cGE_BSU
080 _a004.6.2
100 _aMatthews,Jeanna
245 _aComputer networking: Internet Protocols in Action
260 _bWilley
260 _c2005
300 _a272p.24cm.
541 _h160 L.
653 _aComputer networking: Internet Protocols in Action
653 _aინფორმატიკა
653 _aსაინფორმაციო ტექნოლოგიები
942 _cBK
999 _c49220
_d49220